00883nam a2200253 a 450000100060000000300080000600500170001400800410003102000150007203500190008704000270010604100080013308200210014110000300016224500470019226000340023930000680027350400660034165000460040765000390045365000510049265000440054365000420058725558BD-RjUL20211209050909.0140318s1968 enkabcf b 001 0 eng d a0090888308 a(BD-RjUL)25628 aDLCcDLCdBD-RjULbeng aeng00a947.08bANB 19681 aAnderson, Dorothy,d1923-14aThe Balkan volunteers /cDorothy Anderson. aLondon :bHutchinson,cc1968. a228 p., [13] leaves of plates :bill., maps (1 fold.) ;c22 cm. aIncludes bibliographical references (p. [215]-219) and index. 0aSerbo-Turkish War, 1876xCivilian relief. 0aSerbo-Turkish War, 1876xWar work. 0aRusso-Turkish War, 1877-1878xCivilian relief. 0aRusso-Turkish War, 1877-1878xWar work. 0aEastern question (Balkan)y1874-1880.